000 00440nam a2200181Ia 4500
005 20240823021417.0
008 240823s9999||||xx |||||||||||||| ||und||
041 _aENGLISH
082 _A005.3 N0
100 _a"Ross,Stevan C"
245 0 _aUnderstanding and Using 1-2-3
250 _a2nd
260 _c1990
_b"Jaico,Bombay"
500 _aTRANSFERED
650 _aProgramming
_bComputer Applications
942 _cBK
999 _c176971
_d176971